000
00327 a2200133 4500
000
nam a22 7a 4500
100
_a
Patil, D A
110
_a
Patil, D A
245
_a
Objective Botany: MCQ's
250
_a
Latest edition
260
_b
Scientific Publishers
_c
2024
264
_b
Scientific Publishers
_c
2024
942
_c
BK
999
_c
396021
_d
396021